00221nam a22000977a 4500008004100000082001100041245003400052260000900086300001000095440001800105180803b xxu||||| |||| 00| 0 eng d a813.52 aOrganic chemystrycVINING.W.J c2001 a1fCD x9780030219696